Statistics for Capitals South Of Harare

Click here to take the quiz!

General Stats

  • This quiz has been taken 10 times
  • The average score is 13 of 16

Answer Stats

Degrees SouthAnswer% Correct
41.28Wellington
100%
34.6Buenos Aires
100%
35.3Canberra
90%
34.88Montevideo
90%
33.92Cape Town
90%
33.45Santiago
90%
29.3Maseru
90%
25.97Maputo
90%
24.65Gaborone
80%
18.13Suva
80%
26.32Mbabane
70%
22.57Windhoek
70%
20.15Port Louis
70%
25.27Asuncion
60%
18.93Antananarivo
60%
21.13Nukualofa
50%

Score Distribution

Percentile by Number Answered

Percent of People with Each Score

Your Score History

You have not taken this quiz